| 000 | 00795nac a22002291u 4500 | ||
|---|---|---|---|
| 010 | _a85026492 | ||
| 020 | _a047183758X | ||
| 082 | 0 | 0 |
_a658.4038 _bB9471 |
| 090 |
_c1672 _d1672 |
||
| 100 | _aBurch, John G. | ||
| 245 | 1 | 0 |
_aInformation systems : _btheory and practice / _cJohn Burch, Gary Grudnitski. |
| 250 | _a4th ed. | ||
| 260 |
_aNew York : _bWiley, _cc1986. |
||
| 300 |
_axiii, 674 p. : _bill. ; _c25 cm. |
||
| 500 | _aDonations | ||
| 500 | _aDonations - Dr. Mostafa Gouda | ||
| 504 | _aIncludes bibliographies and index. | ||
| 650 | 0 | _aManagement information systems. | |
| 700 | 1 | _aGrudnitski, Gary. | |
| 942 |
_cBB _k658.4038B9471 |
||
| 999 |
_c1672 _d1672 |
||